[Event "Tournoi francophone 020C"]
[Site "Skype"]
[Date "????.??.??"]
[Round "1.1"]
[White "Sequeda Pimiento, Javier Ricardo"]
[Black "Prieto Umba, Jairo Ovidio"]
[Result "1-0"]
[WhiteElo "1335"]
[BlackElo "1304"]
[PlyCount "103"]

1. e4 e5 2. Nf3 Nc6 3. d4 exd4 4. Nxd4 Bc5 5. Be3 Qf6 6. c3 Nge7 7. b4 Bxd4 8.
Bxd4 Nxd4 9. cxd4 Nc6 10. e5 Qf4 11. Nc3 Qxd4 12. Qxd4 Nxd4 13. Bd3 O-O 14.
O-O-O c6 15. Bxh7+ Kxh7 16. Rxd4 Re8 17. Rh4+ Kg6 18. f4 b6 19. Rf1 f5 20. Rf3
Bb7 21. Rg3+ Kf7 22. Rh7 Rg8 23. h4 Rae8 24. Rg5 Re6 25. Rxf5+ Kg6 26. Rhh5 c5
27. Rhg5+ Kh7 28. bxc5 bxc5 29. Nb5 Ra6 30. Rh5+ Kg6 31. Rfg5+ Kf7 32. Nd6+ Ke7
33. Nxb7 Rxa2 34. Nd6 Ke6 35. Rg6+ Kd5 36. Nf7 Ke4 37. Nd6+ Kd5 38. g3 c4 39.
Nb5 Rg2 40. e6+ Ke4 41. Re5+ Kf3 42. Nd4+ Kf2 43. Re2+ Kf1 44. Rxg2 Kxg2 45.
exd7 Kf2 46. Nf5 Ke2 47. Rxg7 Rd8 48. Re7+ Kd3 49. Ng7 c3 50. Ne6 Rb8 51. Nc5+
Kc4 52. Re8 1-0

[Event "Tournoi francophone 020C"]
[Site "Skype"]
[Date "????.??.??"]
[Round "1.2"]
[White "De Coninck, Philippe"]
[Black "Valmalette, Alain"]
[Result "1-0"]
[WhiteElo "1290"]
[BlackElo "1300"]
[PlyCount "107"]

1. e4 e5 2. Nf3 d6 3. Bc4 Be6 4. Bxe6 fxe6 5. d3 Nf6 6. Nc3 h6 7. Be3 Nc6 8. h3
d5 9. exd5 exd5 10. Qd2 d4 11. Bxd4 exd4 12. Ne4 Nxe4 13. dxe4 Bb4 14. c3 Ba5
15. O-O dxc3 16. Qxd8+ Rxd8 17. bxc3 Bxc3 18. Rac1 Ba5 19. Nh4 Nb4 20. a3 Nd3
21. Rcd1 g5 22. Nf5 Rh7 23. Ne3 Bb6 24. Nd5 Bc5 25. Nf6+ Kf7 26. Nxh7 Rd4 27.
Kh2 Ke6 28. f3 Ke5 29. Rd2 Bxa3 30. Rfd1 Bb4 31. Rxd3 Rc4 32. Rd5+ Kf4 33. Nf6
c6 34. Rf5+ Ke3 35. Rd7 a5 36. Ng4+ Ke2 37. Rxb7 h5 38. Ne5 Rc2 39. Rxg5 h4 40.
Rg6 c5 41. Nc6 c4 42. Nd4+ Kd3 43. Nxc2 Kxc2 44. Rc6 c3 45. e5 Kb3 46. e6 c2
47. Rxc2 Kxc2 48. e7 Bxe7 49. Rxe7 a4 50. Re2+ Kb3 51. f4 a3 52. f5 a2 53. Rxa2
Kxa2 54. f6 1-0

[Event "Tournoi francophone 020C"]
[Site "Skype"]
[Date "????.??.??"]
[Round "1.3"]
[White "Nicolini, Francesco"]
[Black "L'Herbon De Lussats, Jean"]
[Result "1-0"]
[WhiteElo "1344"]
[BlackElo "1224"]
[PlyCount "61"]

1. d4 Nf6 2. Bf4 d5 3. c4 e6 4. Nc3 b6 5. h3 Bb7 6. e3 Nbd7 7. Nb5 e5 8. dxe5
a6 9. Nxc7+ Qxc7 10. exf6 Qc5 11. Nf3 Nxf6 12. b3 Bd6 13. Bxd6 Qxd6 14. Qd4 O-O
15. Be2 Qb4+ 16. Qd2 Qc5 17. O-O Rad8 18. Rfd1 h6 19. Qc3 Ne4 20. Qc2 dxc4 21.
Bxc4 Ng5 22. Nd4 Qe7 23. Qf5 b5 24. Bd3 g6 25. Qf4 Rd6 26. Qg3 Qf6 27. Rac1 Kg7
28. f3 Nh7 29. Nf5+ Kg8 30. Nxd6 Qxd6 31. Qxd6 1-0

[Event "Tournoi francophone 020C"]
[Site "Skype"]
[Date "????.??.??"]
[Round "1.4"]
[White "Scata, Laura"]
[Black "Farfallini, Michel"]
[Result "1-0"]
[WhiteElo "1370"]
[BlackElo "1404"]
[PlyCount "69"]

1. d4 d5 2. Nf3 Bf5 3. e3 e6 4. Bd3 Bg6 5. c3 c6 6. Qc2 Be7 7. Nbd2 Nf6 8. Ne5
Bxd3 9. Qxd3 Nbd7 10. f4 Nxe5 11. fxe5 Nd7 12. e4 Bh4+ 13. g3 Be7 14. exd5 cxd5
15. O-O Qb6 16. Nf3 O-O 17. Qc2 f6 18. Bf4 fxe5 19. Nxe5 Nxe5 20. Bxe5 Bd6 21.
Rae1 Rxf1+ 22. Kxf1 Rf8+ 23. Kg2 Rf5 24. Bxd6 Qxd6 25. Qa4 a6 26. Qe8+ Rf8 27.
Qxe6+ Qxe6 28. Rxe6 Rd8 29. Re5 Kf7 30. Kf3 Rd6 31. Kf4 Rf6+ 32. Rf5 Rxf5+ 33.
Kxf5 g6+ 34. Ke5 b5 35. Kxd5 1-0

[Event "Tournoi francophone 020C"]
[Site "Skype"]
[Date "????.??.??"]
[Round "1.5"]
[White "Vello, Pablo"]
[Black "Rivalta, Paolo"]
[Result "1/2-1/2"]
[WhiteElo "1190"]
[BlackElo "1143"]
[PlyCount "96"]

1. d4 Nf6 2. Nc3 d5 3. Bf4 b6 4. e3 Bb7 5. g4 e6 6. Qf3 Bb4 7. Nge2 O-O 8. a3
Bd6 9. h4 Bxf4 10. Qxf4 Nc6 11. Nc1 Qe7 12. Nd3 Rfe8 13. h5 e5 14. Nxe5 Nxe5
15. dxe5 Qxe5 16. Qxe5 Rxe5 17. Rg1 d4 18. Ne2 dxe3 19. fxe3 Rxe3 20. O-O-O Bf3
21. Rd3 Rxd3 22. cxd3 Re8 23. Kd1 Nxh5 24. gxh5 Bxh5 25. Kd2 c5 26. Nf4 Bf3 27.
Rg3 Bc6 28. Nh5 Re7 29. Rxg7+ Kh8 30. Rg3 f5 31. Nf6 Rg7 32. Rxg7 Kxg7 33. Nh5+
Kg6 34. Nf4+ Kf6 35. Ke3 h6 36. Bh3 h5 37. Nxh5+ Kg5 38. Nf4 a5 39. Ne6+ Kf6
40. Nd8 Bd7 41. Nb7 f4+ 42. Kxf4 Bxh3 43. Nd6 Ke6 44. Nc4 Kd5 45. Nxb6+ Kd4 46.
Nc4 Kxd3 47. Nxa5 Be6 48. Ke5 Ba2 1/2-1/2

[Event "Tournoi francophone 020C"]
[Site "Skype"]
[Date "????.??.??"]
[Round "2.1"]
[White "Prieto Umba, Jairo Ovidio"]
[Black "Rivalta, Paolo"]
[Result "0-1"]
[WhiteElo "1304"]
[BlackElo "1143"]
[PlyCount "62"]

1. d4 Nf6 2. c4 e6 3. Nf3 d5 4. a3 Nc6 5. Bf4 Be7 6. e3 O-O 7. Bd3 Re8 8. O-O
Bd6 9. Nc3 Bxf4 10. exf4 b6 11. cxd5 exd5 12. Ne5 Nxd4 13. Bxh7+ Nxh7 14. Qxd4
Bb7 15. Rfe1 c5 16. Qd3 Nf6 17. b3 d4 18. Ne2 Qd5 19. f3 a5 20. Ng3 Ba6 21. Nc4
Rab8 22. Re5 Rxe5 23. fxe5 Bxc4 24. bxc4 Qxe5 25. Kf2 Qf4 26. a4 Ng4+ 27. Kg1
Nxh2 28. Nf1 Nxf1 29. Rxf1 Re8 30. Kf2 Re3 31. Qd2 Rxf3+ 0-1

[Event "Tournoi francophone 020C"]
[Site "Skype"]
[Date "????.??.??"]
[Round "2.2"]
[White "Farfallini, Michel"]
[Black "Vello, Pablo"]
[Result "0-1"]
[WhiteElo "1404"]
[BlackElo "1190"]
[PlyCount "54"]

1. e4 c5 2. Nf3 Nc6 3. d4 cxd4 4. c3 Nf6 5. Bd3 dxc3 6. Nxc3 a6 7. O-O d6 8. a3
g6 9. Bc4 e6 10. Be3 b5 11. Bb3 Bg7 12. Qd3 O-O 13. Rad1 Ne8 14. Bf4 Bb7 15.
Qe3 Qc7 16. Bh6 Rd8 17. Bxg7 Kxg7 18. Bxe6 fxe6 19. Ng5 Bc8 20. Qh3 Kg8 21. e5
Rf5 22. Nce4 Rxe5 23. Rfe1 Rf5 24. Qh6 Qg7 25. Qh4 Qe7 26. Re3 d5 27. Nc5 Rxg5
0-1

[Event "Tournoi francophone 020C"]
[Site "Skype"]
[Date "????.??.??"]
[Round "2.3"]
[White "L'Herbon De Lussats, Jean"]
[Black "Scata, Laura"]
[Result "1-0"]
[WhiteElo "1224"]
[BlackElo "1370"]
[PlyCount "85"]

1. d4 c6 2. c4 d5 3. cxd5 cxd5 4. Nc3 Nf6 5. Nf3 Nc6 6. g3 e6 7. Bg2 Bd6 8. Qc2
Bd7 9. Nb5 Qa5+ 10. Nc3 O-O 11. O-O Nb4 12. Qb3 Ba4 13. Nxa4 Rfc8 14. Nc3 Rc7
15. Bd2 Qa6 16. a4 Rc4 17. Rfe1 Qc6 18. Bf1 Na6 19. Qc2 Qc7 20. e3 Rc6 21. Rac1
Ne4 22. Qb1 Nxd2 23. Nxd2 Bb4 24. Nb5 Rxc1 25. Rxc1 Qd7 26. Nf3 Ba5 27. Nc3 Nb4
28. b3 Rc8 29. Nd1 Rd8 30. Ng5 g6 31. f4 h6 32. Nf3 Qe7 33. h4 Nc6 34. Nf2 Kg7
35. g4 Rd7 36. Bb5 Rc7 37. h5 a6 38. Bd3 Qf6 39. hxg6 fxg6 40. g5 hxg5 41. Nxg5
Rc8 42. Ng4 Qd8 43. Nxe6+ 1-0

[Event "Tournoi francophone 020C"]
[Site "Skype"]
[Date "????.??.??"]
[Round "2.4"]
[White "Valmalette, Alain"]
[Black "Nicolini, Francesco"]
[Result "0-1"]
[WhiteElo "1300"]
[BlackElo "1344"]
[PlyCount "58"]

1. d4 Nf6 2. c3 g6 3. e3 Bg7 4. g3 d6 5. Bg2 c6 6. e4 h6 7. Ne2 Nbd7 8. Qd3 O-O
9. Bf4 e5 10. Be3 d5 11. Nd2 Re8 12. O-O exd4 13. Bxd4 dxe4 14. Nxe4 Nxe4 15.
Bxe4 Ne5 16. Qe3 Nc4 17. Qc1 Rxe4 18. Qc2 Bf5 19. b3 Rxd4 20. Qc1 Rd2 21. Rd1
Rxd1+ 22. Qxd1 Qxd1+ 23. Rxd1 Nb6 24. Nd4 Rd8 25. f3 c5 26. Rc1 cxd4 27. cxd4
Bxd4+ 28. Kf1 Re8 29. Rd1 Bh3# 0-1

[Event "Tournoi francophone 020C"]
[Site "Skype"]
[Date "????.??.??"]
[Round "2.5"]
[White "Sequeda Pimiento, Javier Ricardo"]
[Black "De Coninck, Philippe"]
[Result "1-0"]
[WhiteElo "1335"]
[BlackElo "1290"]
[PlyCount "121"]

1. e4 c6 2. d4 d5 3. exd5 Qxd5 4. Nc3 Qa5 5. Nf3 Bg4 6. h3 Bh5 7. Bd2 Qc7 8.
Bc4 h6 9. O-O Nd7 10. d5 Rc8 11. Re1 Ngf6 12. dxc6 Qxc6 13. Bb5 Bxf3 14. Bxc6
Bxd1 15. Bxd7+ Nxd7 16. Raxd1 e6 17. Bf4 Bb4 18. Re4 Bxc3 19. bxc3 Rxc3 20. Be5
Rxc2 21. Bxg7 Rg8 22. Bxh6 Rxa2 23. Red4 Nf6 24. h4 Nd5 25. Re1 Ke7 26. Bg5+
Kd6 27. Bf4+ Kd7 28. Rc1 Rc8 29. Rb1 b6 30. Bg3 Rcc2 31. h5 Ke7 32. h6 Rc8 33.
h7 Nc3 34. Rh4 Nxb1 35. h8=Q Rxh8 36. Rxh8 Nc3 37. Bh4+ Kd7 38. Rh7 Ke8 39.
Rh8+ Kd7 40. Rd8+ Kc7 41. Re8 Ra1+ 42. Kh2 Ne4 43. Re7+ Kd6 44. Rxf7 b5 45. Rb7
Kc5 46. f3 b4 47. fxe4 Kc4 48. Bf6 Re1 49. Rc7+ Kb3 50. Rxa7 Kc2 51. Ra2+ Kd3
52. Rb2 Rxe4 53. Be7 Kc3 54. Bf6+ e5 55. Rb1 b3 56. Kg3 b2 57. Kf3 Kc2 58.
Rxb2+ Kxb2 59. Kxe4 Kb3 60. g4 Kc4 61. g5 1-0

[Event "Tournoi francophone 020C"]
[Site "Skype"]
[Date "????.??.??"]
[Round "3.1"]
[White "De Coninck, Philippe"]
[Black "Prieto Umba, Jairo Ovidio"]
[Result "1-0"]
[WhiteElo "1290"]
[BlackElo "1304"]
[PlyCount "97"]

1. e4 c5 2. Nf3 e6 3. d4 cxd4 4. Nxd4 a6 5. c4 Bc5 6. Nc2 Qf6 7. f3 Nc6 8. Nc3
Qh4+ 9. g3 Qf6 10. Be3 Bxe3 11. Nxe3 Nge7 12. Bg2 Ng6 13. O-O O-O 14. Qd2 Qe7
15. Na4 b5 16. cxb5 axb5 17. Nc3 Ba6 18. Rfd1 Nge5 19. f4 Nc4 20. Nxc4 bxc4 21.
Qxd7 Qc5+ 22. Kh1 Rfd8 23. Qc7 Rac8 24. Rxd8+ Rxd8 25. e5 Rc8 26. Qd6 Qxd6 27.
exd6 Nb8 28. Rd1 Nd7 29. Kg1 f5 30. Kf2 Rb8 31. Rd2 Kf8 32. Na4 Bb5 33. Nc3 Ba6
34. Ne2 Ke8 35. Bc6 Kd8 36. Nd4 Nc5 37. Bf3 Bb7 38. g4 Bxf3 39. Kxf3 g6 40.
Nc6+ Kc8 41. Nxb8 Nd3 42. d7+ Kc7 43. gxf5 gxf5 44. Ke3 Kd8 45. Rc2 Nc5 46.
Rxc4 Nb7 47. Rc8+ Ke7 48. Rc7 Nd6 49. Nc6+ 1-0

[Event "Tournoi francophone 020C"]
[Site "Skype"]
[Date "????.??.??"]
[Round "3.3"]
[White "Scata, Laura"]
[Black "Valmalette, Alain"]
[Result "0-1"]
[WhiteElo "1370"]
[BlackElo "1300"]
[PlyCount "74"]

1. Nf3 d5 2. d4 Nc6 3. c3 e6 4. Bf4 Nf6 5. e3 a6 6. Bd3 b5 7. Nbd2 Bd6 8. Ne5
Bb7 9. Qc2 Qe7 10. O-O O-O 11. Ndf3 Nh5 12. Nxc6 Bxc6 13. Bxd6 Qxd6 14. Bxh7+
Kh8 15. Bd3 Rae8 16. Ne5 Re7 17. Qd1 g6 18. Qg4 Rg8 19. Qh4 Be8 20. Qg5 f6 21.
Nxg6+ Bxg6 22. Qh4 Rh7 23. Be2 e5 24. f4 Nxf4 25. Qf2 Nxe2+ 26. Qxe2 Be4 27.
Rf2 exd4 28. g3 d3 29. Qd2 Rh3 30. Rf4 f5 31. Raf1 c5 32. Rxf5 Bxf5 33. Rxf5
Qh6 34. Rxd5 c4 35. b3 Rhxg3+ 36. hxg3 Rxg3+ 37. Kf2 Qh2+ 0-1

[Event "Tournoi francophone 020C"]
[Site "Skype"]
[Date "????.??.??"]
[Round "3.4"]
[White "Vello, Pablo"]
[Black "L'Herbon De Lussats, Jean"]
[Result "1-0"]
[WhiteElo "1190"]
[BlackElo "1224"]
[PlyCount "25"]

1. d4 Nf6 2. Nc3 e6 3. Bf4 Be7 4. e3 d5 5. g4 h6 6. Qf3 O-O 7. h4 c5 8. g5 hxg5
9. hxg5 Nh7 10. Qh5 f5 11. g6 Rf6 12. Qxh7+ Kf8 13. Qh8# 1-0

[Event "Tournoi francophone 020C"]
[Site "Skype"]
[Date "????.??.??"]
[Round "3.5"]
[White "Rivalta, Paolo"]
[Black "Farfallini, Michel"]
[Result "1-0"]
[WhiteElo "1143"]
[BlackElo "1404"]
[PlyCount "103"]

1. e4 e5 2. Bc4 c6 3. Nf3 d5 4. exd5 cxd5 5. Bb3 Nc6 6. d3 Be6 7. O-O Be7 8.
Re1 Nf6 9. Nxe5 Nxe5 10. Rxe5 Qd6 11. Bf4 Ng4 12. Ba4+ Kf8 13. d4 Nxe5 14. Bxe5
Qb4 15. Bb3 Bd6 16. c3 Qb6 17. Bxd6+ Qxd6 18. Nd2 Qa6 19. Qf3 Rd8 20. Re1 Qd6
21. Qe3 Bc8 22. Qf3 Be6 23. h3 h5 24. Qe3 Rh6 25. Nf3 Rg6 26. Nh4 Rf6 27. Nf3
Qf4 28. Ng5 Qxe3 29. Nh7+ Ke7 30. Rxe3 Rh6 31. Ng5 Rd6 32. Bc2 Kd7 33. Ba4+ Kc7
34. Be8 Rf6 35. h4 Rf4 36. g3 Rf6 37. a4 a6 38. c4 Rd8 39. cxd5 Rxd5 40. Ne4
Rg6 41. f4 Rh6 42. Ng5 Rf5 43. b4 f6 44. Nxe6+ Kd6 45. Nc5 Kc7 46. a5 g5 47.
Re7+ Kb8 48. Rxb7+ Kc8 49. Bd7+ Kd8 50. Bxf5 gxf4 51. gxf4 Rh8 52. Rb8+ 1-0

[Event "Tournoi francophone 020C"]
[Site "Skype"]
[Date "????.??.??"]
[Round "4.1"]
[White "Prieto Umba, Jairo Ovidio"]
[Black "Farfallini, Michel"]
[Result "1-0"]
[WhiteElo "1304"]
[BlackElo "1404"]
[PlyCount "65"]

1. e4 e5 2. Nf3 Nc6 3. Bc4 Be7 4. Nc3 Nf6 5. a3 d6 6. h3 Be6 7. Bxe6 fxe6 8. d3
d5 9. exd5 exd5 10. Qe2 Bd6 11. Bg5 Qd7 12. Nxd5 Nxd5 13. c4 Nf6 14. Bxf6 gxf6
15. O-O O-O-O 16. b4 Rhg8 17. c5 Qxh3 18. Ne1 e4 19. g3 Ne5 20. cxd6 Rxd6 21.
Qxe4 Ng4 22. Nf3 h5 23. Qh7 Rdd8 24. Rac1 c6 25. Rfe1 Rh8 26. Qf5+ Kb8 27. Qf4+
Kc8 28. Qf5+ Kc7 29. Re7+ Kb8 30. Qf4+ Ka8 31. Qc7 Rb8 32. Rxc6 Rhc8 33. Qxc8
1-0

[Event "Tournoi francophone 020C"]
[Site "Skype"]
[Date "????.??.??"]
[Round "4.2"]
[White "L'Herbon De Lussats, Jean"]
[Black "Rivalta, Paolo"]
[Result "1-0"]
[WhiteElo "1224"]
[BlackElo "1143"]
[PlyCount "76"]

1. c4 e5 2. Nc3 Nf6 3. g3 Bc5 4. Bg2 O-O 5. e3 d6 6. Nge2 Bg4 7. O-O Re8 8. a3
a6 9. b4 Ba7 10. Bxb7 Nbd7 11. Bg2 Rb8 12. h3 Bh5 13. g4 Bg6 14. d4 e4 15. Nf4
Nf8 16. d5 h6 17. Bb2 Qc8 18. Nce2 Qd8 19. Bd4 Bxd4 20. Nxd4 Qd7 21. Nc6 Rb7
22. Qd4 Bh7 23. f3 exf3 24. Bxf3 Be4 25. Ra2 Bxf3 26. Rxf3 Re4 27. Qc3 N8h7 28.
Rg2 Ng5 29. Rfg3 Qe8 30. h4 Ngh7 31. g5 hxg5 32. hxg5 Nd7 33. Nh5 Ne5 34. Nf6+
Nxf6 35. gxf6 Ng6 36. fxg7 Rh4 37. Rh2 Rxh2 38. Kxh2 Qf8 1-0

[Event "Tournoi francophone 020C"]
[Site "Skype"]
[Date "????.??.??"]
[Round "4.3"]
[White "Valmalette, Alain"]
[Black "Vello, Pablo"]
[Result "0-1"]
[WhiteElo "1300"]
[BlackElo "1190"]
[PlyCount "92"]

1. d4 Nf6 2. c4 e6 3. Nc3 Bb4 4. e3 d5 5. Bd3 dxc4 6. Bxc4 O-O 7. Bd2 Bxc3 8.
bxc3 Ne4 9. Nh3 Nxd2 10. Qxd2 Nd7 11. O-O Nf6 12. Rfe1 e5 13. e4 exd4 14. e5
Nd5 15. Qxd4 Bxh3 16. Re3 Nxe3 17. Qxe3 Bd7 18. Re1 Qe7 19. Qe4 Bc6 20. Qg4 Bd7
21. Qh5 g6 22. Qh6 Be6 23. Bd3 Rad8 24. Be4 Rd7 25. f4 Rfd8 26. Bf3 Qc5+ 27.
Kh1 Qxc3 28. Rg1 Qc2 29. a3 Rd1 30. Bxd1 Rxd1 31. h4 Rxg1+ 32. Kxg1 Qc5+ 33.
Kh2 Qf8 34. Qg5 c5 35. h5 c4 36. hxg6 hxg6 37. g4 Qc8 38. f5 Bxf5 39. gxf5 Qxf5
40. Qc1 Qxe5+ 41. Kh3 c3 42. a4 Qd4 43. Qc2 Qd2 44. Qe4 c2 45. Qe8+ Kg7 46.
Qe5+ Kh7 0-1

[Event "Tournoi francophone 020C"]
[Site "Skype"]
[Date "????.??.??"]
[Round "4.5"]
[White "De Coninck, Philippe"]
[Black "Nicolini, Francesco"]
[Result "0-1"]
[WhiteElo "1290"]
[BlackElo "1344"]
[PlyCount "61"]

1. e4 e5 2. Nf3 Nc6 3. Bb5 Bc5 4. Bxc6 dxc6 5. O-O Bd6 6. d4 exd4 7. Qxd4 f6 8.
Be3 Be6 9. e5 Bxe5 10. Qxd8+ Rxd8 11. Nxe5 fxe5 12. Bxa7 b6 13. Nc3 Ne7 14.
Rfe1 Ng6 15. Re4 Bf5 16. Rc4 Ra8 17. Bxb6 cxb6 18. Rxc6 O-O 19. Rc1 Rfb8 20. a3
Nf4 21. g3 Nh3+ 22. Kf1 Bg6 23. Nd5 Rf8 24. Ne7+ Kh8 25. Nxg6+ hxg6 26. Kg2
Nxf2 27. Rf1 Ng4 28. Rxf8+ Rxf8 29. Rxb6 Ne3+ 30. Kh3 Rf5 31. Rxg6 0-1

[Event "Tournoi francophone 020C"]
[Site "Skype"]
[Date "????.??.??"]
[Round "5.1"]
[White "Nicolini, Francesco"]
[Black "Prieto Umba, Jairo Ovidio"]
[Result "1/2-1/2"]
[WhiteElo "1344"]
[BlackElo "1304"]
[PlyCount "34"]

1. e4 e5 2. Nf3 Nc6 3. Bb5 Nf6 4. O-O h6 5. c3 Bc5 6. Re1 Ng4 7. d4 Bb6 8. h3
Nf6 9. dxe5 Nh7 10. Nbd2 O-O 11. Nf1 Qe7 12. Bf4 d6 13. exd6 Qd7 14. dxc7 Qe8
15. Qd6 Be6 16. Rad1 Rc8 17. Qa3 a5 1/2-1/2

[Event "Tournoi francophone 020C"]
[Site "Skype"]
[Date "????.??.??"]
[Round "5.2"]
[White "Scata, Laura"]
[Black "De Coninck, Philippe"]
[Result "1-0"]
[WhiteElo "1370"]
[BlackElo "1290"]
[PlyCount "95"]

1. Nf3 Nc6 2. d4 d5 3. Bf4 Bf5 4. c3 e6 5. e3 Nf6 6. Bd3 Bxd3 7. Qxd3 Bd6 8.
Bg3 Ne4 9. Nbd2 f5 10. Ne5 Nxe5 11. Bxe5 Bxe5 12. dxe5 c6 13. f3 Qh4+ 14. g3
Nxg3 15. O-O-O Nxh1 16. Rxh1 Qf2 17. h3 Qg2 18. Qf1 Qxf1+ 19. Rxf1 O-O 20. f4
Rfd8 21. Nf3 h6 22. Nd4 Kf7 23. h4 a6 24. h5 c5 25. Nb3 Rac8 26. Rg1 b6 27. Kc2
c4 28. Nd4 Rg8 29. Rg6 Rge8 30. a3 b5 31. Kd2 Rc5 32. Kc2 a5 33. b4 cxb3+ 34.
Nxb3 Rc7 35. Nd4 b4 36. axb4 Rb7 37. bxa5 Rbb8 38. a6 Ra8 39. Nb5 Rec8 40. Nd6+
Kf8 41. Nxc8 Rxc8 42. Rxe6 Ra8 43. Rd6 Ra7 44. Kb3 Ke7 45. Ka4 Ra8 46. Kb5 Rb8+
47. Rb6 Ra8 48. Kc5 1-0

[Event "Tournoi francophone 020C"]
[Site "Skype"]
[Date "????.??.??"]
[Round "5.4"]
[White "Rivalta, Paolo"]
[Black "Valmalette, Alain"]
[Result "1-0"]
[WhiteElo "1143"]
[BlackElo "1300"]
[PlyCount "147"]

1. e4 e5 2. Nf3 Nf6 3. Nc3 Nc6 4. Bb5 Bb4 5. Bxc6 bxc6 6. Nxe5 O-O 7. d3 Qe8 8.
Nf3 d6 9. O-O Bc5 10. Re1 Qd7 11. d4 Bb6 12. a4 a5 13. b3 c5 14. e5 dxe5 15.
dxe5 Ng4 16. h3 Nxf2 17. Kxf2 c4+ 18. Be3 Qc6 19. Bxb6 Qxb6+ 20. Kf1 Ba6 21.
bxc4 Bxc4+ 22. Ne2 Rad8 23. Qc1 h6 24. Rb1 Qc6 25. Qa3 Rfe8 26. Kg1 Bd5 27.
Ned4 Qc4 28. Rb5 Bxf3 29. Qxf3 Rxd4 30. Rxa5 Qxc2 31. Qa3 Rd3 32. Qa1 Red8 33.
Qb1 Qc3 34. Rb5 Re3 35. Rxe3 Qxe3+ 36. Kh2 g6 37. a5 Qf4+ 38. Kg1 Rd2 39. Qf1
Qd4+ 40. Kh2 Rd1 41. Qf3 Qg1+ 42. Kg3 Rf1 43. Qe2 Rf2 44. Qxf2 Qd1 45. Qf6 Qd3+
46. Kh2 Qxb5 47. e6 fxe6 48. Qxe6+ Kf8 49. a6 Qb8 50. Qxg6 Ke7 51. Qg7+ Kd6 52.
Qxh6+ Kc5 53. Qe3+ Kb5 54. a7 c6+ 55. Kh1 Qa8 56. Qb3+ Ka6 57. Qb8 Qxa7 58.
Qxa7+ Kxa7 59. h4 c5 60. h5 c4 61. h6 Kb6 62. h7 Kb5 63. h8=Q Kb4 64. Qb2+ Kc5
65. Qc3 Kb5 66. Kg1 Kc5 67. g4 Kb5 68. g5 Kc5 69. g6 Kb5 70. g7 Kc5 71. g8=Q
Kb5 72. Qgxc4+ Kb6 73. Q3b4+ Ka7 74. Qa2# 1-0

[Event "Tournoi francophone 020C"]
[Site "Skype"]
[Date "????.??.??"]
[Round "5.5"]
[White "Farfallini, Michel"]
[Black "L'Herbon De Lussats, Jean"]
[Result "0-1"]
[WhiteElo "1404"]
[BlackElo "1224"]
[PlyCount "62"]

1. e4 c5 2. Nf3 d6 3. d4 cxd4 4. Qxd4 Nc6 5. Qd1 Nf6 6. Nc3 g6 7. Bc4 a6 8. Bg5
Bg7 9. Nd5 O-O 10. c3 b5 11. Bb3 Nxe4 12. Bh4 Bf5 13. Qd3 Nc5 14. Qd2 Nd3+ 15.
Kf1 Nc5 16. Bc2 Bxc2 17. Qxc2 Na4 18. Qb3 Nb6 19. Re1 Ra7 20. a3 Nxd5 21. Qxd5
Rc7 22. Qb3 Na5 23. Qc2 Nc4 24. Qe4 Re8 25. Qd5 h6 26. Rb1 Qd7 27. b3 e6 28.
Qd3 Ne5 29. Nxe5 Bxe5 30. Bg3 Rxc3 31. Qxc3 Bxc3 0-1

[Event "Tournoi francophone 020C"]
[Site "Skype"]
[Date "????.??.??"]
[Round "6.1"]
[White "Prieto Umba, Jairo Ovidio"]
[Black "L'Herbon De Lussats, Jean"]
[Result "1/2-1/2"]
[WhiteElo "1304"]
[BlackElo "1224"]
[PlyCount "96"]

1. e4 c5 2. c4 d6 3. Nf3 Nf6 4. Nc3 Nc6 5. h3 g6 6. Be2 Bg7 7. O-O O-O 8. d3 a6
9. Be3 Nd7 10. Ng5 Qb6 11. Na4 Qc7 12. Rb1 b5 13. Nc3 b4 14. Nd5 Qd8 15. Bf4 a5
16. a4 Nd4 17. Nf3 Bb7 18. Ne3 Bc6 19. b3 Re8 20. Nxd4 Bxd4 21. Nc2 Bc3 22. Bd2
Be5 23. Qc1 e6 24. Bf4 Qc7 25. Qe3 d5 26. Bh6 d4 27. Qd2 Nf6 28. f4 Nxe4 29.
dxe4 Bd6 30. e5 Be7 31. Bd3 Qb7 32. Ne1 Bh4 33. Nf3 Bg3 34. Bg5 Kg7 35. Bh4
Bxf3 36. Bxg3 Bc6 37. Bh4 Rh8 38. Bf6+ Kg8 39. Bxh8 Kxh8 40. Rbe1 Qe7 41. Qf2
Kg7 42. Qg3 Rd8 43. h4 h5 44. Rf2 Rf8 45. Qh3 Bd7 46. g4 f5 47. Rh2 fxg4 48.
Qxg4 hxg4 1/2-1/2

[Event "Tournoi francophone 020C"]
[Site "Skype"]
[Date "????.??.??"]
[Round "6.2"]
[White "Valmalette, Alain"]
[Black "Farfallini, Michel"]
[Result "1-0"]
[WhiteElo "1300"]
[BlackElo "1404"]
[PlyCount "59"]

1. d4 d5 2. c4 e6 3. Nc3 Nf6 4. e3 Bd6 5. c5 Be7 6. Nf3 b6 7. b4 O-O 8. Bd3 Nc6
9. a3 Qd7 10. O-O Bd8 11. h3 Re8 12. Re1 e5 13. Nxe5 Nxe5 14. dxe5 Rxe5 15. e4
d4 16. Bb5 c6 17. Bxc6 Qxc6 18. Qxd4 Qe8 19. Bf4 Re7 20. f3 bxc5 21. bxc5 Ba5
22. Rac1 Bb7 23. Re3 Bxc3 24. Rcxc3 Rd8 25. Bd6 Qb5 26. Qb4 Qc6 27. Bxe7 Rd1+
28. Kh2 Qc7+ 29. Bd6 Qd7 30. Red3 1-0

[Event "Tournoi francophone 020C"]
[Site "Skype"]
[Date "????.??.??"]
[Round "6.4"]
[White "De Coninck, Philippe"]
[Black "Vello, Pablo"]
[Result "1/2-1/2"]
[WhiteElo "1290"]
[BlackElo "1190"]
[PlyCount "77"]

1. e4 c5 2. Nf3 Nc6 3. d4 cxd4 4. Nxd4 Nxd4 5. Qxd4 e6 6. Nd2 Ne7 7. Nf3 Nc6 8.
Qd1 Be7 9. Bd3 Nb4 10. a3 Nxd3+ 11. Qxd3 O-O 12. Be3 d6 13. O-O-O Qc7 14. h4
Rd8 15. g4 d5 16. e5 Qc4 17. Qxc4 dxc4 18. Rxd8+ Bxd8 19. g5 Bd7 20. Nd4 Bc7
21. f4 Rd8 22. Rd1 Ba4 23. Nf3 Rxd1+ 24. Kxd1 Bc6 25. Nd4 Ba4 26. b3 cxb3 27.
cxb3 Bd7 28. Kd2 g6 29. Kc3 Bb6 30. a4 Bxd4+ 31. Bxd4 a6 32. Bb6 Bc6 33. Kc4
Bd5+ 34. Kc3 Bc6 35. Kd4 Kg7 36. Kc5 h6 37. Bd8 h5 38. Bf6+ Kf8 39. Bd8 1/2-1/2

[Event "Tournoi francophone 020C"]
[Site "Skype"]
[Date "????.??.??"]
[Round "6.5"]
[White "Nicolini, Francesco"]
[Black "Scata, Laura"]
[Result "1/2-1/2"]
[WhiteElo "1344"]
[BlackElo "1370"]
[PlyCount "70"]

1. e4 c6 2. d4 d5 3. exd5 cxd5 4. c3 Nc6 5. Nf3 Qc7 6. Bd3 Nf6 7. O-O Bg4 8.
Nbd2 e6 9. Qc2 Bh5 10. Ng5 Bg6 11. Ndf3 Bxd3 12. Qxd3 h6 13. Nh3 Bd6 14. g3 Ne4
15. Bf4 g5 16. Bxd6 Qxd6 17. Nd2 f5 18. Nxe4 fxe4 19. Qe3 Qe7 20. f3 exf3 21.
Rxf3 g4 22. Nf4 gxf3 23. Ng6 Qf6 24. Nxh8 Qxh8 25. Qxe6+ Ne7 26. Re1 Qf8 27.
Kf2 Rd8 28. Re3 Qf7 29. Qxh6 Kd7 30. Rxf3 Qg6 31. Qd2 Qe6 32. Qc2 Qh3 33. Kg1
Qg4 34. Rf4 Qg7 35. Qa4+ Nc6 1/2-1/2

[Event "Tournoi francophone 020C"]
[Site "Skype"]
[Date "????.??.??"]
[Round "7.1"]
[White "Scata, Laura"]
[Black "Prieto Umba, Jairo Ovidio"]
[Result "1-0"]
[WhiteElo "1370"]
[BlackElo "1304"]
[PlyCount "57"]

1. d4 d5 2. Nf3 Bf5 3. e3 a6 4. Bd3 Bxd3 5. Qxd3 Nf6 6. Nbd2 e6 7. b3 c5 8. Bb2
Nc6 9. a3 b5 10. c4 cxd4 11. exd4 Qb6 12. c5 Qc7 13. O-O Be7 14. Ne5 O-O 15. b4
Nd7 16. Ndf3 f5 17. Rae1 Nf6 18. Ng5 Ne4 19. Nxe6 Qb7 20. Nxf8 Rxf8 21. f3 Bg5
22. fxe4 fxe4 23. Rxf8+ Kxf8 24. Qg3 Bf6 25. Nxc6 Qxc6 26. Qb8+ Kf7 27. Kf2 Kg6
28. Ke2 Bg5 29. Qb6 1-0

[Event "Tournoi francophone 020C"]
[Site "Skype"]
[Date "????.??.??"]
[Round "7.2"]
[White "Vello, Pablo"]
[Black "Nicolini, Francesco"]
[Result "1-0"]
[WhiteElo "1190"]
[BlackElo "1344"]
[PlyCount "61"]

1. d4 Nf6 2. Nc3 d6 3. Bf4 g6 4. Qd2 Bg7 5. Bh6 O-O 6. Bxg7 Kxg7 7. Nf3 Nbd7 8.
h4 h5 9. g4 Nxg4 10. Bh3 Ngf6 11. e4 e5 12. O-O-O exd4 13. Qxd4 Re8 14. Ng5 Ne5
15. Bxc8 Qxc8 16. f4 Neg4 17. Rdf1 Qd7 18. f5 c5 19. Qd3 a6 20. fxg6 fxg6 21.
Rd1 Nf2 22. Qg3 Nxh1 23. Rxh1 Rad8 24. Rg1 Ng4 25. Nd5 Rf8 26. Qc3+ Nf6 27. Nf4
Kg8 28. Nge6 Nxe4 29. Rxg6+ Kf7 30. Qg7+ Ke8 31. Qxf8# 1-0